The topology problem solver : (Record no. 31091)

000 -LEADER
fixed length control field 01029nam a2200289 a 4500
001 - CONTROL NUMBER
control field 3017455
005 - DATE AND TIME OF LATEST TRANSACTION
control field 20220222120150.0
008 - FIXED-LENGTH DATA ELEMENTS--GENERAL INFORMATION
fixed length control field 940218s1994 njua 000 0 eng
010 ## - LIBRARY OF CONGRESS CONTROL NUMBER
LC control number 94065557
020 ## - INTERNATIONAL STANDARD BOOK NUMBER
International Standard Book Number 0878919252
040 ## - CATALOGING SOURCE
Original cataloging agency DLC
Transcribing agency DLC
050 00 - LIBRARY OF CONGRESS CALL NUMBER
Classification number QA611.19
Item number .M55 1994
082 00 - DEWEY DECIMAL CLASSIFICATION NUMBER
Classification number 514/.3/076
Edition number 20
100 1# - MAIN ENTRY--PERSONAL NAME
Personal name Milewski, Emil G.
245 14 - TITLE STATEMENT
Title The topology problem solver :
Remainder of title a complete solution guide to any textbook /
Statement of responsibility, etc. Emil G. Milewski.
260 ## - PUBLICATION, DISTRIBUTION, ETC. (IMPRINT)
Place of publication, distribution, etc. Piscataway, N.J. :
Name of publisher, distributor, etc. Research and Education Association,
Date of publication, distribution, etc. c1994.
300 ## - PHYSICAL DESCRIPTION
Extent ix, 733 p. :
Other physical details ill. ;
Dimensions 26 cm.
440 #0 - SERIES STATEMENT/ADDED ENTRY--TITLE
Title REA's problem solvers
500 ## - GENERAL NOTE
General note Spine title: Topology.
500 ## - GENERAL NOTE
General note Includes index.
650 #0 - SUBJECT ADDED ENTRY--TOPICAL TERM
Topical term or geographic name as entry element Topology
General subdivision Problems, exercises, etc.
710 2# - ADDED ENTRY--CORPORATE NAME
Corporate name or jurisdiction name as entry element Research and Education Association.
740 0# - ADDED ENTRY--UNCONTROLLED RELATED/ANALYTICAL TITLE
Uncontrolled related/analytical title Topology.
906 ## - LOCAL DATA ELEMENT F, LDF (RLIN)
a 7
b cbc
c orignew
d 2
e opcn
f 19
g y-gencatlg
942 ## - ADDED ENTRY ELEMENTS (KOHA)
Source of classification or shelving scheme
Koha item type Hard Covered Materials
Classification part QA 611.19 .M55 1994
Holdings
Withdrawn status Lost status Source of classification or shelving scheme Damaged status Not for loan Home library Current library Shelving location Date acquired Source of acquisition Cost, normal purchase price Total Checkouts Full call number Barcode Date last seen Date last checked out Price effective from Koha item type
          MACHAKOS UNIVERSITY LIBRARY MACHAKOS UNIVERSITY LIBRARY Open shelf 22/02/2022 Damaris Mwinzi 6708.00 2 QA 611.19 .M55 1994 23740 28/11/2022 17/11/2022 22/02/2022 Hard Covered Materials
© Machakos University Library, Along The Highway, Machakos Wote Rd, Machakos, Kenya P.O. Box 136 - 90100 Machakos - Kenya

Tel: ( +254 ) 723 805829 OR Fax : 044-20353 OR Email: library@mksu.ac.ke